[Event "American Continental 18th"]
[Site "Medellin"]
[Date "2024.05.28"]
[Round "7"]
[White "Aristizabal Soto, Diego Fernando"]
[Black "Moreno Rios, Mateo"]
[Result "1-0"]
[WhiteElo "1680"]
[BlackElo "1780"]
[PlyCount "76"]
[EventDate "2024.05.24"]
[EventType "swiss"]
[EventRounds "11"]
[EventCountry "COL"]
[SourceTitle "CBM 220 Extra"]
[Source "ChessBase"]
[SourceDate "2024.07.31"]
[SourceVersion "1"]
[SourceVersionDate "2024.07.31"]
[SourceQuality "1"]

1. e4 c5 2. Nf3 e6 3. d4 cxd4 4. Nxd4 Nf6 5. Nc3 Bb4 6. Bd3 a6 7. Bd2 Qc7 8. Qe2 Nc6 9. Nxc6 dxc6 10. e5 Nd7 11. f4 Nc5 12. Ne4 Nxd3+ 13. Qxd3 Be7 14. 0-0-0 b6 15. a4 Bb7 16. Qg3 g6 17. Nd6+ Bxd6 18. exd6 Qd8 19. Bc3 f6 20. h4 Kf7 21. Rh2 Rg8 22. h5 Kf8 23. Qh3 Kf7 24. Qg3 Rg7 25. Rh3 Rg8 26. Rhh1 Rg7 27. Rh2 Rg8 28. hxg6+ hxg6 29. Rh7+ Rg7 30. Qh3 Qg8 31. Rh1 Rxh7 32. Qxh7+ Qg7 33. g4 c5 34. Rh2 Bd5 35. g5 Qxh7 36. Rxh7+ Kg8 37. Rc7 Rd8 38. d7 e5 1-0

[Event "American Continental 18th"]
[Site "Medellin"]
[Date "2024.05.25"]
[Round "3"]
[White "Moreno Rios, Mateo"]
[Black "Morales Santos, Natasha"]
[Result "0-1"]
[WhiteElo "1780"]
[BlackElo "1977"]
[PlyCount "108"]
[EventDate "2024.05.24"]
[EventType "swiss"]
[EventRounds "11"]
[EventCountry "COL"]
[SourceTitle "CBM 220 Extra"]
[Source "ChessBase"]
[SourceDate "2024.07.31"]
[SourceVersion "1"]
[SourceVersionDate "2024.07.31"]
[SourceQuality "1"]

1. e4 c5 2. Nf3 d6 3. d3 g6 4. g3 Bg7 5. Bg2 Nc6 6. 0-0 e6 7. c3 Nge7 8. Re1 0-0 9. Nbd2 Rb8 10. Nf1 b5 11. d4 b4 12. Be3 bxc3 13. bxc3 Qa5 14. Qc2 Ba6 15. N1d2 cxd4 16. Nxd4 Rfc8 17. N2b3 Qa4 18. Qd2 Ne5 19. Bh6 N7c6 20. Bxg7 Kxg7 21. Bf1 Bxf1 22. Kxf1 Qc4+ 23. Kg2 Qd3 24. Rad1 Nxd4 25. cxd4 Qf3+ 26. Kg1 Nc4 27. Qe2 Qxe2 28. Rxe2 a5 29. d5 e5 30. Rc1 a4 31. Rec2 axb3 32. axb3 Nb6 33. Rc6 Rxc6 34. dxc6 Nc8 35. Rc3 Kf6 36. f4 Rb4 37. Rd3 Ke6 38. Kf2 Rb5 39. Kf3 Rc5 40. h4 Rxc6 41. Kg4 h5+ 42. Kg5 Ne7 43. f5+ gxf5 44. exf5+ Nxf5 45. Rf3 Nd4 46. Rf6+ Ke7 47. Rf3 Ke6 48. Rf6+ Ke7 49. b4 Rc3 50. Rh6 Rxg3+ 51. Kxh5 e4 52. Rh8 e3 53. Rc8 e2 54. Rc1 Re3 0-1

[Event "Medellin Antioquia-ch"]
[Site "Medellin"]
[Date "2024.05.03"]
[Round "4"]
[White "Hurtado Henao, Pablo"]
[Black "Moreno Rios, Mateo"]
[Result "1-0"]
[WhiteElo "1899"]
[BlackElo "1780"]
[PlyCount "63"]
[EventDate "2024.05.01"]
[EventType "swiss"]
[EventRounds "7"]
[EventCountry "COL"]
[SourceTitle "CBM 220 Extra"]
[Source "ChessBase"]
[SourceDate "2024.07.31"]
[SourceVersion "1"]
[SourceVersionDate "2024.07.31"]
[SourceQuality "1"]

1. c4 Nf6 2. Nc3 g6 3. e4 Bg7 4. g3 e5 5. Bg2 d6 6. d3 0-0 7. Nge2 c6 8. 0-0 Ne8 9. Be3 f5 10. exf5 Bxf5 11. d4 Nd7 12. b4 Nef6 13. h3 Qc7 14. Rc1 Nb6 15. Qb3 Bd3 16. dxe5 Bxc4 17. Bxb6 Bxb3 18. Bxc7 Ne8 19. axb3 Nxc7 20. exd6 Ne8 21. d7 Nf6 22. b5 cxb5 23. Bxb7 Rad8 24. Nxb5 Rxd7 25. Bc6 Re7 26. Nf4 g5 27. Nd5 Nxd5 28. Bxd5+ Kh8 29. Rc7 Re5 30. Bc4 a6 31. Nd6 Re2 32. Bxe2 1-0

[Event "American Continental 13th"]
[Site "Medellin"]
[Date "2017.06.11"]
[Round "2"]
[White "Vasquez Garrido, Nuremberg Adin"]
[Black "Moreno Rios, Mateo"]
[Result "1-0"]
[WhiteElo "1987"]
[BlackElo "1669"]
[PlyCount "51"]
[EventDate "2017.06.10"]
[EventType "swiss"]
[EventRounds "11"]
[EventCountry "COL"]
[SourceTitle "CBM 178 Extra"]
[Source "ChessBase"]
[SourceDate "2017.06.22"]
[SourceVersion "1"]
[SourceVersionDate "2017.06.22"]
[SourceQuality "1"]

1. e4 c5 2. c3 Nf6 3. e5 Nd5 4. d4 cxd4 5. Nf3 g6 6. cxd4 Bg7 7. Bc4 Nb6 8. Bb3 0-0 9. a4 d6 10. a5 N6d7 11. e6 Nf6 12. Ng5 d5 13. Nxf7 Qc7 14. 0-0 Bxe6 15. Ne5 Nc6 16. Bf4 Nh5 17. Nxc6 Rxf4 18. Ne5 Bxe5 19. dxe5 Qxe5 20. Re1 Qxb2 21. Ra2 Qd4 22. Rd2 Qc5 23. Rxe6 Raf8 24. Qc2 Qxa5 25. Rxd5 Qa1 26. Rxh5 1-0

[Event "Medellin Aristizabal Cup"]
[Site "Medellin"]
[Date "2016.05.21"]
[Round "4"]
[White "Perez Lujan, Mateo"]
[Black "Moreno Rios, Mateo"]
[Result "1-0"]
[WhiteElo "1876"]
[BlackElo "1563"]
[PlyCount "53"]
[EventDate "2016.05.18"]
[EventType "swiss"]
[EventRounds "7"]
[EventCountry "COL"]
[SourceTitle "CBM 172 Extra"]
[Source "ChessBase"]
[SourceDate "2016.06.21"]
[SourceVersion "1"]
[SourceVersionDate "2016.06.21"]
[SourceQuality "1"]

1. e4 c5 2. d4 cxd4 3. c3 d5 4. exd5 Qxd5 5. Nf3 Nc6 6. cxd4 Nf6 7. Nc3 Qa5 8. Bc4 Bg4 9. 0-0 e6 10. Be3 Qh5 11. Be2 Bd6 12. g3 Rc8 13. h4 Ne7 14. Re1 0-0 15. Nh2 Bxe2 16. Qxe2 Qg6 17. Bg5 Ned5 18. Rac1 Nb4 19. Bxf6 gxf6 20. Ne4 Bb8 21. h5 Qh6 22. Ng4 Qxc1 23. Ngxf6+ Kh8 24. Rxc1 Rxc1+ 25. Kg2 Rc2 26. Qe3 Rg8 27. Qh6 1-0

[Event "COL-ch Amateur"]
[Site "Medellin Antioquia"]
[Date "2016.03.01"]
[Round "3"]
[White "Bedoya Giraldo, Duvan Alejand"]
[Black "Moreno Rios, Mateo"]
[Result "0-1"]
[WhiteElo "1607"]
[BlackElo "1566"]
[PlyCount "24"]
[EventDate "2016.02.29"]
[EventType "swiss"]
[EventRounds "9"]
[EventCountry "COL"]
[SourceTitle "EXT 2020"]
[Source "ChessBase"]
[SourceDate "2019.10.17"]
[SourceVersion "1"]
[SourceVersionDate "2019.10.17"]
[SourceQuality "1"]

1. e4 c5 2. f4 e6 3. Nf3 d6 4. d4 cxd4 5. Nxd4 Nf6 6. Nc3 Be7 7. Bd3 a6 8. Be3 0-0 9. 0-0 Nbd7 10. Qe2 Nc5 11. h3 Nxd3 12. cxd3 Qc7 0-1

[Event "COL-ch Amateur"]
[Site "Medellin Antioquia"]
[Date "2016.02.29"]
[Round "2"]
[White "Jaramillo, Amparo"]
[Black "Moreno Rios, Mateo"]
[Result "0-1"]
[WhiteElo "1431"]
[BlackElo "1566"]
[PlyCount "90"]
[EventDate "2016.02.29"]
[EventType "swiss"]
[EventRounds "9"]
[EventCountry "COL"]
[SourceTitle "EXT 2020"]
[Source "ChessBase"]
[SourceDate "2019.10.17"]
[SourceVersion "1"]
[SourceVersionDate "2019.10.17"]
[SourceQuality "1"]

1. e4 c5 2. Nf3 e6 3. d4 cxd4 4. Nxd4 Nf6 5. Nc3 d6 6. Bd3 a6 7. Be3 Nbd7 8. Nde2 Be7 9. Ng3 0-0 10. a3 Nc5 11. Be2 b5 12. b4 Ncd7 13. 0-0 Qc7 14. Qd2 Bb7 15. Bd3 Rac8 16. Nce2 Ne5 17. Rac1 Nc4 18. Bxc4 Qxc4 19. f3 Rfd8 20. c3 Nd7 21. Qb2 Ne5 22. Rc2 d5 23. exd5 Bxd5 24. Rd2 Qc6 25. Qc2 Nc4 26. Rd3 Nxa3 27. Qc1 Nc4 28. Nd4 Qb7 29. Bf2 Bxb4 30. cxb4 Ne5 31. Qe3 Nxd3 32. Qxd3 Bc4 33. Qe3 Bxf1 34. Nxf1 Qd5 35. Qa3 Rc4 36. Ne2 Qd3 37. Qxd3 Rxd3 38. Be1 Rc2 39. Nfg3 f5 40. Kf2 f4 41. Ne4 Re3 42. N4c3 a5 43. bxa5 b4 44. Kf1 bxc3 45. Nxf4 Rc1 0-1